Major Champions (Golf) - Statistics

General Stats
  • This quiz has been taken 58 times
  • The average score is 8 of 12
Answers on the Grid
Answers color-coded by a green-red scale on the quiz's grid according to % correct below.
Tiger Woods
Tony Finau
Tommy Fleetwood
Viktor Hovland
Butch Harmon
Henrik Stenson
Patrick Reed
Rickie Fowler
Gary Woodland
Luke Donald
Justin Leonard
Rory McIlroy
Matt Kuchar
John Daly
Max Homa
Patrick Cantlay
Scottie Scheffler
Harry Vardon
Ben Crenshaw
Tom Kim
Si Woo Kim
Daniel Berger
Hideki Maysuyama
Jordan Spieth
Lee Westwood
 
Answer Stats
Answer % Correct
Tiger Woods
100%
Patrick Reed
71%
Rory McIlroy
71%
Hideki Maysuyama
69%
Henrik Stenson
66%
Jordan Spieth
66%
Gary Woodland
63%
John Daly
63%
Scottie Scheffler
63%
Ben Crenshaw
57%
Justin Leonard
54%
Harry Vardon
46%
No matching quizzes found
Score Distribution
Percent of People with Each Score
Percentile by Number Answered
Your Score History
You have not taken this quiz